| 000 | 01189nam a22002415i 4500 | ||
|---|---|---|---|
| 001 | 157599 | ||
| 003 | ES-MaACL | ||
| 005 | 20240522131802.0 | ||
| 008 | 011008m18971905sp |||| | spa d | ||
| 040 |
_aCCPB | B _bspa _cCCPB | B |
||
| 080 | _a347.94 | ||
| 100 | 1 |
_aLessona, Carlo. _9128907 |
|
| 245 | 1 | 0 |
_aTeoría general de la prueba en Derecho civil ó Exposición comparada de los principios de la prueba en materia civil y de sus diversas aplicaciones en Italia, Francia, Alemania, etc. / _cpor Carlos Lessona ; traducido y anotado con arreglo á la legislación y jurisprudencia españolas por Enrique Aguilera de Paz ; con una introducción de José María Manresa y Navarro. |
| 260 |
_aMadrid : _bHijos de Reus, editores, _c1897-1905. |
||
| 300 |
_a5 v. : _b1 retr del autor ; _c22 cm. |
||
| 490 | 1 | _aBiblioteca jurídica de autores españoles y extranjeros | |
| 650 | 0 | 4 |
_aPruebas (Derecho) _916527 |
| 700 | 0 |
_aAguilera de Paz, Enrique. _918776 |
|
| 700 | 1 |
_aManresa y Navarro, José María, _d1818-1905 _976090 |
|
| 830 | 0 |
_aBiblioteca jurídica de autores españoles y extranjeros _9182228 |
|
| 852 |
_aES-MaACL _jF-14582-86 _z-- Enc. pasta |
||
| 999 |
_c157599 _d157599 |
||